| 000 | 00792nam a2200241 i 4500 | ||
|---|---|---|---|
| 001 | 76310 | ||
| 003 | ES-MaACL | ||
| 005 | 20230906172810.0 | ||
| 007 | t| | ||
| 008 | 040930s1962 sp ||||1| spa d | ||
| 100 | 1 |
_aGross, Alfred. _960161 |
|
| 245 | 1 | 0 |
_aPromoción de ventas / _cAlfred Gross y Dale Hougthon ; [traducción de Jaime Ros ; prefacio y supervisión de la traducción Pedro Prat Gaballí]. |
| 250 | _a[3ª ed.]. | ||
| 260 |
_aBarcelona : _bHispano Europea, _c[1962] ( _fMariano Galve) |
||
| 300 |
_aXXIV, 491 p. ; _c21 cm. |
||
| 490 | 1 | _aGalileo | |
| 700 | 1 |
_aHougthon, Dale. _964329 |
|
| 700 | 1 |
_aPrat Gaballí, Pedro ( _d1885-1962) _993676 |
|
| 700 | 1 |
_aRos, Jaime. _999575 |
|
| 830 | 0 |
_aGalileo _9182278 |
|
| 852 |
_aES-MaACL _jC-22023 _bR.50496 |
||
| 999 |
_c76310 _d76310 |
||